Top 10 most powerful armies in Middle East (2021) - Statistics

General Stats
  • This quiz has been taken 111 times
  • The average score is 10 of 10
Answer Stats
Hint Answer % Correct
3 Iran
99%
7 Iraq
98%
1 Turkey
98%
5 Israel
97%
4 Saudi Arabia
97%
8 Syria
97%
6 United Arab Emirates
97%
2 Egypt
94%
10 Oman
92%
9 Kuwait
85%
No matching quizzes found
Score Distribution
Percent of People with Each Score
Percentile by Number Answered
Your Score History
You have not taken this quiz